Достопамятныя деяния и свойства души Лудовика XVI, короля французскаго // Ч.1 (Запись № 9679933)

Подробности
000 -МАРКЕР
контрольное поле 03077nam1a22005891 4500
001 - ИДЕНТИФИКАТОР ЗАПИСИ
контрольное поле RU\NLR\A1\12899
005 - ИДЕНТИФИКАТОР ВЕРСИИ
контрольное поле 20260408063544.0
035 ## - ДРУГИЕ СИСТЕМНЫЕ НОМЕРА
Идентификатор записи (NLR Aleph) 009675332
100 ## - ДАННЫЕ ОБЩЕЙ ОБРАБОТКИ
Данные общей обработки 20260119 rusy50
101 1# - ЯЗЫК РЕСУРСА
Язык текста, звукозаписи и т.д. русский
Язык промежуточного перевода немецкий
Язык оригинала французский
102 ## - СТРАНА ПУБЛИКАЦИИ ИЛИ ПРОИЗВОДСТВА
Страна публикации российская федерация
140 ## - ПОЛЕ КОДИРОВАННЫХ ДАННЫХ: СТАРОПЕЧАТНЫЕ ИЗДАНИЯ - ОБЩАЯ ИНФОРМАЦИЯ
Кодированные данные о старопечатном издании - Основные y y zz yaa0000
200 1# - ЗАГЛАВИЕ И СВЕДЕНИЯ ОБ ОТВЕТСТВЕННОСТИ
Основное заглавие Достопамятныя деяния и свойства души Лудовика XVI, короля французскаго
Сведения, относящиеся к заглавию С описанием его кончины.
210 ## - ПУБЛИКАЦИЯ, РАСПРОСТРАНЕНИЕ И ДР.
Место издания, распространения и т.д. Во граде святаго Петра
Имя издателя, распространителя и т. д. печатано у И.К.Шнора
Дата издания, распространения и т.д. 1793-1795
215 ## - ФИЗИЧЕСКАЯ ХАРАКТЕРИСТИКА
Размеры
300 ## - ОБЩИЕ ПРИМЕЧАНИЯ
Текст примечания Ценз.: с дозволения Управы благочиния (тит. л.)
305 ## - ПРИМЕЧАНИЯ О ДАТЕ ОСНОВАНИЯ ИЗДАНИЯ
Текст примечания Перевод с дополнениями первых трех выпусков сочинения "Anekdoten und Karakterzüge aus dem Leben Ludwigs des XVI. Nach dem Französischen". Berlin,1793-1795. Hft. 1-8
321 1# - ПРИМЕЧАНИЯ ОБ ОТДЕЛЬНО ИЗДАННЫХ УКАЗАТЕЛЯХ / РЕФЕРАТАХ / ССЫЛКАХ, ОТРАЖАЮЩИХ КАТАЛОГИЗИРУЕМЫЙ ДОКУМЕНТ
Примечания об указателях, рефератах, ссылках СК XVIII 2008
454 #0 - ОРИГИНАЛ (ПЕРЕВОДА)
Встроенное поле 2001#$aAnekdoten und Karakterzüge aus dem Leben Ludwigs des XVI. Nach dem Französischen
-- 210##$aBerlin$d1793-1795
Заглавие Anekdoten und Karakterzüge aus dem Leben Ludwigs des XVI. Nach dem Französischen
463 #0 - УРОВЕНЬ ФИЗИЧЕСКОЙ ЕДИНИЦЫ
Встроенное поле 001RU\NLR\A1\12900
Системный номер (АБИС) связанной записи 9679936
Дата публикации 1793
Физическая характеристика [8], 146 с., [1] л. фронт.
Заглавие Ч.1
463 #0 - УРОВЕНЬ ФИЗИЧЕСКОЙ ЕДИНИЦЫ
Встроенное поле 001RU\NLR\A1\12901
Системный номер (АБИС) связанной записи 9679941
Место публикации Москва
Дата публикации 1795
Физическая характеристика [2], 126 с.
Заглавие Ч.2
481 #0 - ТАКЖЕ В ЭТОМ ПЕРЕПЛЕТЕ
Встроенное поле 001RU\NLR\A1\1606
Системный номер (АБИС) связанной записи 9664549
Автор Икосов, П. П. (1760-1811)
Место публикации Во граде св. Петра
Дата публикации 1793
Первые сведения об ответственности Сочинил Павел Икосов
Имя издателя, распространителя и т.д. [Тип. Сытина]
Физическая характеристика 13, [1] с.
Заглавие Дифирамв, изображение ужасных деяний французской необузданности, или Плачевная кончина царственнаго мученика Людовика ХVI.
URL http://vivaldi.nlr.ru/bx000018342/view
518 1# - ЗАГЛАВИЕ В СТАНДАРТНОМ СОВРЕМЕННОМ ПРАВОПИСАНИИ
Основное заглавие, вариант заглавия или унифицированное заглавие Достопамятные деяния и свойства души Людовика XVI, короля французского
600 #0 - ИМЯ ЛИЦА КАК ПРЕДМЕТ
Начальный элемент ввода Людовик
Дополнения к именам, кроме дат король французский
Римские цифры XVI
Даты 1754 - 1793
Системный номер авторитетной/нормативной записи 1559163
Идентификатор авторитетной/нормативной записи RU\NLR\AUTH\66681788
620 ## - МЕСТО И ДАТА ПУБЛИКАЦИИ, ИСПОЛНЕНИЯ И Т. Д.
Город Санкт-Петербург
620 ## - МЕСТО И ДАТА ПУБЛИКАЦИИ, ИСПОЛНЕНИЯ И Т. Д.
Город Москва
702 #1 - ИМЯ ЛИЦА - ВТОРИЧНАЯ ОТВЕТСТВЕННОСТЬ
Код отношения Печатник (типограф)
Графика поля Кириллица
Материалы, к которым относится поле rus
Начальный элемент ввода Шнор
Часть имени, кроме начального элемента ввода И. К.
Даты 1738-1812
Расширение инициалов личного имени Иоганн Карл
Системный номер авторитетной/нормативной записи 158235
Идентификатор авторитетной/нормативной записи RU\NLR\AUTH\770158276
712 00 - НАИМЕНОВАНИЕ ОРГАНИЗАЦИИ - ВТОРИЧНАЯ ОТВЕТСТВЕННОСТЬ
Код отношения Печатник (типограф)
Начальный элемент ввода Шнор,
Инверсированный элемент И. K.,
Часть наименования, отличная от начального элемента ввода и от инверсированного элемента типография
Идентифицирующий признак Петербург
Графика поля Латинская
Идентификатор авторитетной/нормативной записи RU\NLR\AUTH\8810035686
Системный номер авторитетной/нормативной записи 569792
801 #0 - ИСТОЧНИК ЗАПИСИ
Страна российская федерация
Организация NLR
Дата составления 19971128
852 ## - МЕСТОНАХОЖДЕНИЕ И ШИФР ХРАНЕНИЯ
Идентификатор организации NLR
Шифр хранения (Call Number) 18.17.5.23
852 ## - МЕСТОНАХОЖДЕНИЕ И ШИФР ХРАНЕНИЯ
Идентификатор организации NLR
Шифр хранения (Call Number) 138/573
852 ## - МЕСТОНАХОЖДЕНИЕ И ШИФР ХРАНЕНИЯ
Идентификатор организации NLR
Шифр хранения (Call Number) 18.17.5.22 (ч.2)
852 ## - МЕСТОНАХОЖДЕНИЕ И ШИФР ХРАНЕНИЯ
Идентификатор организации NLR
Шифр хранения (Call Number) 138/2994
852 ## - МЕСТОНАХОЖДЕНИЕ И ШИФР ХРАНЕНИЯ
Идентификатор организации NLR
Наименование фонда или коллекции (Sub-Location Identifier) РЗФ
Шифр хранения (Call Number) 18 в. 3/1094
852 ## - МЕСТОНАХОЖДЕНИЕ И ШИФР ХРАНЕНИЯ
Идентификатор организации NLR
Наименование фонда или коллекции (Sub-Location Identifier) РЗФ
Шифр хранения (Call Number) 18 в. 3/1094а
899 ## - ДАННЫЕ О МЕСТОНАХОЖДЕНИИ (устаревшее)
Местонахождение ВМП
899 ## - ДАННЫЕ О МЕСТОНАХОЖДЕНИИ (устаревшее)
Местонахождение РГБ
899 ## - ДАННЫЕ О МЕСТОНАХОЖДЕНИИ (устаревшее)
Местонахождение БАН
899 ## - ДАННЫЕ О МЕСТОНАХОЖДЕНИИ (устаревшее)
Местонахождение КУНБ
899 ## - ДАННЫЕ О МЕСТОНАХОЖДЕНИИ (устаревшее)
Местонахождение ВОУНБ
-- Ч.2
899 ## - ДАННЫЕ О МЕСТОНАХОЖДЕНИИ (устаревшее)
Местонахождение ВГБИЛ
899 ## - ДАННЫЕ О МЕСТОНАХОЖДЕНИИ (устаревшее)
Местонахождение КостОУНБ
899 ## - ДАННЫЕ О МЕСТОНАХОЖДЕНИИ (устаревшее)
Местонахождение МГУ
899 ## - ДАННЫЕ О МЕСТОНАХОЖДЕНИИ (устаревшее)
Местонахождение ГМЗРК
899 ## - ДАННЫЕ О МЕСТОНАХОЖДЕНИИ (устаревшее)
Местонахождение ГПИБ
899 ## - ДАННЫЕ О МЕСТОНАХОЖДЕНИИ (устаревшее)
Местонахождение НБЛ КГУ
899 ## - ДАННЫЕ О МЕСТОНАХОЖДЕНИИ (устаревшее)
Местонахождение ОренбургОУНБ
942 ## - ДОПОЛНИТЕЛЬНЫЕ ЭЛЕМЕНТЫ ЗАПИСИ (АБИС)
Тип экземпляра АБИС Книга
980 ## - КОЛЛЕКЦИЯ
Название коллекции Национальная библиография
980 ## - КОЛЛЕКЦИЯ
Название коллекции Русская книга гражданской печати XVIII в. в библиотеках РФ

Нет доступных экземпляров.